Die Harze; (Record no. 9610)
[ view plain ]
| 000 -LEADER | |
|---|---|
| fixed length control field | 00916cam a22002411 4500 |
| 001 - CONTROL NUMBER | |
| control field | agr34000092 |
| 003 - CONTROL NUMBER IDENTIFIER | |
| control field | DLC |
| 005 - DATE AND TIME OF LATEST TRANSACTION | |
| control field | 20260227110953.0 |
| 008 - FIXED-LENGTH DATA ELEMENTS--GENERAL INFORMATION | |
| fixed length control field | 800902m19339999gw af 000 0 ger |
| 010 ## - LIBRARY OF CONGRESS CONTROL NUMBER | |
| LC control number | agr34000092 |
| 035 ## - SYSTEM CONTROL NUMBER | |
| System control number | (OCoLC)6671886 |
| 040 ## - CATALOGING SOURCE | |
| Original cataloging agency | DLC |
| Transcribing agency | NIC |
| Modifying agency | DNLM |
| -- | DLC |
| 042 ## - AUTHENTICATION CODE | |
| Authentication code | premarc |
| 050 00 - LIBRARY OF CONGRESS CALL NUMBER | |
| Classification number | TP978 |
| Item number | .T8 1933 |
| 060 00 - NATIONAL LIBRARY OF MEDICINE CALL NUMBER | |
| Classification number | TP 978 |
| Item number | T879h 1933 |
| 100 1# - MAIN ENTRY--PERSONAL NAME | |
| Personal name | Tschirch, A. |
| Fuller form of name | (Alexander), |
| Dates associated with a name | 1856- |
| 245 14 - TITLE STATEMENT | |
| Title | Die Harze; |
| Remainder of title | die botanischen und chemischen Grundlagen unserer Kenntnisse über die Bildung, die Entwicklung und die Zusammensetzung der pflanzlichen Exkrete, |
| Statement of responsibility, etc. | bearbeitet van A. Tschirch und Erich Stock. |
| 250 ## - EDITION STATEMENT | |
| Edition statement | Dritte umgearb. Aufl. von A. Tschirch, Die harze und die harzbehälter. |
| 260 ## - PUBLICATION, DISTRIBUTION, ETC. | |
| Place of publication, distribution, etc. | Berlin, |
| Name of publisher, distributor, etc. | Gebrüder Borntraeger, |
| Date of publication, distribution, etc. | 1933- |
| 300 ## - PHYSICAL DESCRIPTION | |
| Extent | v. |
| Other physical details | illus., col. plates, fold. tables, diagrs. |
| Dimensions | 26 cm. |
| 650 #0 - SUBJECT ADDED ENTRY--TOPICAL TERM | |
| Topical term or geographic name entry element | Gums and resins. |
| 700 1# - ADDED ENTRY--PERSONAL NAME | |
| Personal name | Stock, Erich, |
| Dates associated with a name | 1889- |
No items available.